10+10 - Modern and Contemporary Brazilian Houses : photography exhibition : Leonardo Finotti /

Salvato in:
Dettagli Bibliografici
Autori principali: Serapião, Fernando (Autore), Correa do Lago, André (Autore)
Altri autori: Finotti, Leonardo (Fotografo)
Natura: Libro
Lingua:portoghese
inglese
Pubblicazione: Brasília : Ministério das Relações Exteriores, 2013
Edizione:1. vydanie
Soggetti:
Tags: Aggiungi Tag
Nessun Tag, puoi essere il primo ad aggiungerne!!

MARC

LEADER 00000nam a22000003a 4500
001 0026899
003 SK-STU
005 20250526092946.9
007 ta
008 171012s ----xo-----e------000-0-----d
040 |a STU  |b slo 
041 0 |a por  |a eng 
044 |a bl 
100 1 |a Finotti, Leonardo  |4 pht  |r Z6 
245 1 0 |a 10+10 - Modern and Contemporary Brazilian Houses :  |b photography exhibition : Leonardo Finotti /  |c fotogr. Leonardo Finotti, aut. Fernando Serapião, André Correa do Lago 
250 |a 1. vydanie 
260 |a Brasília :  |b Ministério das Relações Exteriores,  |c 2013 
300 |a 210 s. 
650 0 7 |a architektúra v Brazílii 
650 0 7 |a moderna v architektúre 
650 0 7 |a architektúra 1930-1969 
700 1 |a Serapião, Fernando  |4 aut 
700 1 |a Correa do Lago, André  |4 aut 
996 |b 284AU07075  |c A* 10306/U  |l AAKNST  |s P  |a 0  |w 0026899_0001 
996 |b 284AU07254  |c A* 10503/U  |l AAKNAR  |s A  |a 24  |w 0026899_0002 
996 |b 284AU10380  |c A* 13598/U  |l AAKNAR  |s A  |a 24  |w 0026899_0003 
996 |b 284AU10596  |c A* 13770/U  |l AAKNAR  |s A  |a 24  |w 0026899_0004